000 00410nam a22001697a 4500
003 OSt
005 20240723105548.0
008 240723b |||||||| |||| 00| 0 eng d
020 _a07069
040 _aMUST
_cMUST
082 _a519 KOT
100 _aKothari, C.R
_915321
245 _aQuantitative Techniques
_cC.R Kothari
300 _axv, 584p.
_bill.
_c22cm.
650 _2Mathematics
942 _2ddc
_cO_SHELF
999 _c9267
_d9267